Incitaciones a través de la psicobiología / (Record no. 25313)

MARC details
000 -LEADER
campo de control de longitud fija 00589nam a2200193 i 4500
001 - NÚMERO DE CONTROL
campo de control 25313
003 - IDENTIFICADOR DE NÚMERO DE CONTROL
campo de control ES-MaACL
005 - FECHA Y HORA DE LA ÚLTIMA TRANSACCIÓN
campo de control 20250822030725.0
007 - CAMPO FIJO DE DESCRIPCIÓN FÍSICA--INFORMACIÓN GENERAL
campo de control de longitud fija t|
008 - DATOS DE LONGITUD FIJA--INFORMACIÓN GENERAL
campo de control de longitud fija 021223s1961 sp |||| | spa d
100 1# - ENTRADA PRINCIPAL--NOMBRE DE PERSONA
Nombre de persona Arango, Celso R.
9 (RLIN) 22301
245 10 - MENCIÓN DEL TÍTULO
Título Incitaciones a través de la psicobiología /
Mención de responsabilidad, etc. Celso R. Arango ; presentación, Rv. David Rubio.
260 ## - PUBLICACIÓN, DISTRIBUCIÓN, ETC.
Lugar de publicación, distribución, etc. [León :
Nombre del editor, distribuidor, etc. s.n.,
Fecha de publicación, distribución, etc. 1961] (
Fabricante Imp. Casado)
300 ## - DESCRIPCIÓN FÍSICA
Extensión 100 p. ;
Dimensiones 25 cm.
650 07 - PUNTO DE ACCESO ADICIONAL DE MATERIA--TÉRMINO DE MATERIA
Término de materia o nombre geográfico como elemento de entrada Psicología aplicada
Fuente del encabezamiento o término embne
9 (RLIN) 16552
700 1# - ENTRADA AGREGADA--NOMBRE PERSONAL
Nombre de persona Rubio, David.
9 (RLIN) 100341
852 ## - LOCALIZACIÓN
Ubicación ES-MaACL
Número de control de estantería B-2174
Holdings
Estatus retirado Estado de pérdida Estado de daño No para préstamo Biblioteca de origen Biblioteca actual Ubicación en estantería Fecha de adquisición Fuente de adquisición Total de préstamos Signatura topográfica completa Código de barras Visto por última vez Precio de reemplazo Tipo de ítem Koha
        Biblioteca del Ateneo de Madrid Biblioteca del Ateneo de Madrid Sala Pardo Bazán 17/01/2008     B-2174 1026097 23/02/2023 23/02/2023 Libro impreso